Zhodnotenie ekonomickej efektívnosti marketingových výdavkov podniku bakalárska práca

Saved in:
Bibliographic Details
Main Author: Zajarošová, Dominika
Corporate Author: Podnikovohospodárska fakulta EU so sídlom v Košiciach. Katedra finančného riadenia podniku
Other Authors: Freňáková, Magdaléna, 1981-
Format: Book
Language:Slovak
Published: Košice 2016
Tags: Add Tag
No Tags, Be the first to tag this record!

MARC

LEADER 00000nbm a2200000 4500
001 0217697
005 20161212140242.9
041 0 |a slo 
044 |a SK 
245 1 0 |a Zhodnotenie ekonomickej efektívnosti marketingových výdavkov podniku  |b bakalárska práca  |c Dominika Zajarošová ; školiteľ: Magdaléna Freňáková 
264 1 |a Košice  |c 2016 
300 |a 52 s. 
100 1 |a Zajarošová, Dominika 
700 1 |a Freňáková, Magdaléna, 1981- 
710 2 |a Podnikovohospodárska fakulta EU so sídlom v Košiciach. Katedra finančného riadenia podniku